<?xml version="1.0" encoding="UTF-8"?>
<record
    xmlns:xsi="http://www.w3.org/2001/XMLSchema-instance"
    xsi:schemaLocation="http://www.loc.gov/MARC21/slim http://www.loc.gov/standards/marcxml/schema/MARC21slim.xsd"
    xmlns="http://www.loc.gov/MARC21/slim">

  <leader>03374nam a2200277 i 4500</leader>
  <controlfield tag="003">DO-SdBNP</controlfield>
  <controlfield tag="005">20240715092554.0</controlfield>
  <controlfield tag="006">a||||fr|||| 00| 0 </controlfield>
  <controlfield tag="007">ta</controlfield>
  <controlfield tag="008">231026e1995    dr adc|| |||| 00| 0 spa d</controlfield>
  <datafield tag="040" ind1=" " ind2=" ">
    <subfield code="a">DO-SdBNP</subfield>
    <subfield code="b">spa</subfield>
    <subfield code="c">BNPHU</subfield>
    <subfield code="e">rda</subfield>
  </datafield>
  <datafield tag="082" ind1=" " ind2="4">
    <subfield code="2">22</subfield>
    <subfield code="b">Q7c</subfield>
  </datafield>
  <datafield tag="111" ind1="1" ind2=" ">
    <subfield code="a">Congreso de Sexualidad Humana "Mujer y Sida".</subfield>
    <subfield code="n">(5:</subfield>
    <subfield code="d">1995:</subfield>
    <subfield code="c">Hotel V Centenario)</subfield>
    <subfield code="9">84538</subfield>
    <subfield code="j">autor</subfield>
  </datafield>
  <datafield tag="245" ind1="1" ind2="0">
    <subfield code="a">V congreso de sexualidad humana:</subfield>
    <subfield code="b">mujer y sida. /</subfield>
    <subfield code="c">Compilaci&#xF3;n, Carmen Mar&#xED;a Castillo S.</subfield>
  </datafield>
  <datafield tag="246" ind1="0" ind2="1">
    <subfield code="a">5a. congreso de sexualidad humana:</subfield>
    <subfield code="b">mujer y sida. </subfield>
  </datafield>
  <datafield tag="246" ind1="0" ind2="1">
    <subfield code="a">Quinto congreso de sexualidad humana:</subfield>
    <subfield code="b">mujer y sida. </subfield>
  </datafield>
  <datafield tag="264" ind1=" " ind2=" ">
    <subfield code="a">[Santo Domingo] :</subfield>
    <subfield code="b">USAID / AIDSCAP /FHI,</subfield>
    <subfield code="c">1996</subfield>
  </datafield>
  <datafield tag="300" ind1=" " ind2=" ">
    <subfield code="a">176 p&#xE1;ginas :</subfield>
    <subfield code="b">Ilustraciones, gr&#xE1;ficas, retratos</subfield>
    <subfield code="c">27 cm.</subfield>
  </datafield>
  <datafield tag="336" ind1=" " ind2=" ">
    <subfield code="2">rdacontent</subfield>
    <subfield code="a">texto</subfield>
    <subfield code="b">txt</subfield>
  </datafield>
  <datafield tag="337" ind1=" " ind2=" ">
    <subfield code="2">rdamedia</subfield>
    <subfield code="a">sin mediaci&#xF3;n</subfield>
    <subfield code="b">n</subfield>
  </datafield>
  <datafield tag="338" ind1=" " ind2=" ">
    <subfield code="2">rdacarrier</subfield>
    <subfield code="a">volumen</subfield>
    <subfield code="b">n</subfield>
  </datafield>
  <datafield tag="505" ind1=" " ind2=" ">
    <subfield code="a">Declaraci&#xF3;n de Principios.--</subfield>
    <subfield code="t">Presentaci&#xF3;n.--</subfield>
    <subfield code="t">Discurso Presidente APEC.--</subfield>
    <subfield code="t">Discurso Presidente INSAPEC.--</subfield>
    <subfield code="t">Taller Pre-congreso.--</subfield>
    <subfield code="t">Noche Inaugural.--</subfield>
    <subfield code="t">Conferencia Magistral /</subfield>
    <subfield code="r">Dr. Ricardo Calder&#xF3;n--</subfield>
    <subfield code="t">Educaci&#xF3;n Sexual y Sida /</subfield>
    <subfield code="r">Dra. Soraya Fern&#xE1;ndez de Pezzotti.--</subfield>
    <subfield code="t">El Amor en los tiempo del SIDA, Problemas y Perspectivas /</subfield>
    <subfield code="r">Dr. Jos&#xE9; Miguel G&#xF3;mez Montero.--</subfield>
    <subfield code="t">El Sida en su Dimensi&#xF3;n Sicosom&#xE1;tica /</subfield>
    <subfield code="r">Dr. Alberto Noboa.--</subfield>
    <subfield code="t">La Explotaci&#xF3;n Sexual, un atentado a la dignidad Humana /</subfield>
    <subfield code="r">Lic. Francisca Ferreira.--</subfield>
    <subfield code="t">Familia, Matrimonio y Fidelidad /</subfield>
    <subfield code="r">Carlos y Maruchi Elm&#xFA;desi.--</subfield>
    <subfield code="t">Drogas, Sexualidad y SIDA /</subfield>
    <subfield code="r">Dra. Martha D&#xED;az, Lic. Germania Morales y Lic, Mayra Ramos.--</subfield>
    <subfield code="t">Educaci&#xF3;n Sexual, Violencia Intrafamiliar y SIDA /</subfield>
    <subfield code="r">Lic. Zelided Alma de Ruiz.--</subfield>
    <subfield code="t">Conferencia Magistral: "Mujer y Violencia" /</subfield>
    <subfield code="r">Dra. Doris Knudson.--</subfield>
    <subfield code="t">Rol del Psic&#xF3;logo dentro del equipo de salud en la atenci&#xF3;n del paciente VIH / SIDA /</subfield>
    <subfield code="r">C&#xE9;sar Castellanos.--</subfield>
    <subfield code="t">Pastoral "El Buen Samaritano" /</subfield>
    <subfield code="r">Reverendo Padre Jaime Corujo.--</subfield>
    <subfield code="t">Patronato  de Lucha Contra el SIDA (PLUS):</subfield>
    <subfield code="r">Lic. Irene L&#xF3;pez.--</subfield>
    <subfield code="t">Programa Radial Mujer y SIDA de la Secretar&#xED;a de Estado de Educaci&#xF3;n Sexual, Bellas Artes y Cultos /</subfield>
    <subfield code="r">Lic. Danicela Castillo.</subfield>
    <subfield code="t">El SIDA y la infecci&#xF3;n VIH en Rep&#xFA;blica Dominicana /</subfield>
    <subfield code="r">Dra. Elizabeth G&#xF3;mez.--</subfield>
    <subfield code="t">Programa Educativo de Prevenci&#xF3;n del SIDA en la c&#xE1;rceles /</subfield>
    <subfield code="r">Dr. Eric Raful.--</subfield>
    <subfield code="t">ETS y SIDA en menores prostituidas /</subfield>
    <subfield code="r">Lic. Francisca N&#xFA;&#xF1;ez y Lic. Rosa E. Guerrero. </subfield>
    <subfield code="t">Motivaciones de la Cirug&#xED;a y comportamiento sexual post-quir&#xFA;rgico en mujeres sometidas a Colpoperineorraf&#xED;a en el Hospital Dr. Luis E. Aybar, desde marzo 1992 hasta marzo 1995.--</subfield>
    <subfield code="r">Lic. Luz Aracelis Cabrera  y Lic. Elena Quezada.--</subfield>
    <subfield code="t">La Prostituci&#xF3;n en mujeres de 13 a 49 a&#xF1;os de edad en la ciudad de Santo Domingo, en el per&#xED;odo octubre-diciembre 1994 /</subfield>
    <subfield code="r">Lic. Belkis Garc&#xED;a y Lic. Clotilde S&#xE1;nchez.--</subfield>
    <subfield code="t">Prevalencia de las Disfunciones femeninas den el Consultorio de Terapia Sexual del INSAPEC /</subfield>
    <subfield code="r">Lic. Sonia Romero y Lic. Juana Josefina Hern&#xE1;ndez.--</subfield>
    <subfield code="t">Los medios, Sensacionalismo y Realismo, como estar informados sobre el SIDA /</subfield>
    <subfield code="r">Lic. Oscar L&#xF3;pez Reyes.--</subfield>
    <subfield code="t">Presentaci&#xF3;n de Planes de Acci&#xF3;n para "Mujer y SIDA" /</subfield>
    <subfield code="r">Dra. Tirsis Quezada.--</subfield>
    <subfield code="t">Repercusi&#xF3;n social, Psicol&#xF3;gica, Econ&#xF3;mica y Sexual de la Infecci&#xF3;n VIH/SIDA /</subfield>
    <subfield code="r">Dra. Martiza Arbaje.--</subfield>
    <subfield code="t">Comit&#xE9; Organizador.</subfield>
  </datafield>
  <datafield tag="590" ind1=" " ind2=" ">
    <subfield code="a">Inventariado 2023 / MF</subfield>
  </datafield>
  <datafield tag="710" ind1=" " ind2=" ">
    <subfield code="a">Estados Unidos .</subfield>
    <subfield code="b"> Agency for International Development</subfield>
    <subfield code="9">83946</subfield>
  </datafield>
  <datafield tag="942" ind1=" " ind2=" ">
    <subfield code="2">ddc</subfield>
    <subfield code="c">LBS1</subfield>
  </datafield>
  <datafield tag="952" ind1=" " ind2=" ">
    <subfield code="0">0</subfield>
    <subfield code="1">0</subfield>
    <subfield code="2">ddc</subfield>
    <subfield code="5">1</subfield>
    <subfield code="7">0</subfield>
    <subfield code="8">PD</subfield>
    <subfield code="a">BNPHU</subfield>
    <subfield code="b">BNPHU</subfield>
    <subfield code="c">CT</subfield>
    <subfield code="d">2014-12-26</subfield>
    <subfield code="l">0</subfield>
    <subfield code="o">Q7c</subfield>
    <subfield code="p">2023-7373</subfield>
    <subfield code="r">2023-10-26</subfield>
    <subfield code="w">2023-10-26</subfield>
    <subfield code="y">LBS1</subfield>
  </datafield>
  <datafield tag="999" ind1=" " ind2=" ">
    <subfield code="c">55290</subfield>
    <subfield code="d">55290</subfield>
  </datafield>
</record>
